000 01813nam0a22003731 4500
001 RU\NLR\BIBL_A\010460389
005 20251120135135.4
010 _a978-5-89428-694-5
021 _aRU
_b2014-47541
_92876
035 _a(NLR Aleph) 010460389
035 _a(NILC)RuMoRGB-007514172
090 _a9973128
_c9973128
100 _a20140910d2013 u y0rusy50 ca
101 0 _arus
_ajpn
102 _aRU
105 _aah||j|||000yy
200 1 _aЯпонский язык для начинающих
_dはじめてにほんご
_eучебное пособие
_fКеико Мацумото, Хироюки Таката
_gМ-во образования и науки Рос. Федерации, Федер. гос. бюджет. образоват. учреждение высш. проф. образования "Том. гос. пед. ун-т" (ТГПУ)
_e[для изучающих японский язык под руководством преподавателя]
210 _aТомск
_cИзд-во ТГПУ
_d2013
215 _a122 с.
_cил., факс.
_d30 см
300 _aНа обл. 1-й авт.: Кэико Мацумото
606 1 _aЯпонский язык
_jУчебные издания
_92005362
_3RU\NLR\AUTH\661206917
686 1 _aШ175.42-93рус
700 1 _aМацумото
_bК.
_gКеико
_9138148
_3RU\NLR\AUTH\770138183
701 1 _aТаката
_bХ.
_gХироюки
_9138154
_3RU\NLR\AUTH\770138189
790 1 _aМацумото
_bК.
_gКеико
_9138148
_3RU\NLR\AUTH\770138183
801 0 _aRU
_bРГБ
_c20140702
_gRCR
852 _aNLR
_bОЛСАА-япон
_j5-771
942 _cBOOK
980 _aNBR
980 1 _aJAP
980 _aNB